000 00621nam a2200241Ia 4500
005 20260430150720.0
008 008 250103s9999 xx 000 0 eng d
037 _aTheses
040 _aCRL
040 _beng
040 _ceng
041 _2eng
041 _aeng
084 _qCRL
100 _aMohammad Irshad Au.; Perikala Kesava Kumar Gu.
_91238280
245 0 _aEnframing Information Society: An Ethical Perspective
260 _c2024
300 _a169p.
650 _aPhilosophy
700 _aUniversity of Delhi. Faculty of Arts. Deptt. of Philosophy
942 _cTH
999 _c1850451
_d1850451